000
00253nam a2200109Ia 4500
008
201217s9999 xx 000 0 und d
100
_a
Gordon, Geoffrey
245
0
_a
System Simulation
260
_a
New Delhi
_b
Prentice Hall
300
_a
323
942
_c
BK
999
_c
7837
_d
7837